| 000 | 00502nam a2200169Ia 4500 | ||
|---|---|---|---|
| 003 | OSt | ||
| 005 | 20201204133427.0 | ||
| 008 | 190216s9999||||xx |||||||||||||| ||und|| | ||
| 040 | _coclc | ||
| 082 |
_a894.8123 _bBAL/P |
||
| 100 |
_aBalakrishnan, P K _91791 |
||
| 245 | 0 |
_aPlooto Priyapetta Plooto / _cP K Balakrishnan |
|
| 260 |
_bPoorna Publications, _c1989. _a Kozhikode: |
||
| 300 | _a167p | ||
| 650 | _aMalayalam Novel | ||
| 942 |
_cBK _2ddc _h894.8123 _iBAL/P _k894.8123 _mBAL/P |
||
| 999 |
_c27458 _d27458 |
||